Version control with Git /

Saved in:
நூற்பட்டியல் விவரங்கள்
தலைமை எழுத்தாளர்: Loeliger, Jon.
வடிவம்: புத்தகம்
மொழி:English
வெளியீடப்பட்டது: Sebastopol, Calif. : O'Reilly Media, Inc., c2009.
பதிப்பு:1st ed.
பகுதிகள்:
குறியீடுகள்: குறிச்சொல் இணை
குறியீடுகள் இல்லை, இந்த குறிச்சொல்லை முதலில் பதிவு செய்யுங்கள்!
LEADER 00664nam a2200241Ia 4500
001 012013144-7
005 20090624155621.0
008 090406s2009 caua 000 0 eng d
020 |a 9780596158187 
020 |a 0596158181 
035 0 |a ocm317877864 
040 |a UMI  |c UMI  |d MH 
090 |a QA76.758  |b .L64 2009 
100 1 |a Loeliger, Jon. 
245 1 0 |a Version control with Git /  |c by Jon Loeliger. 
250 |a 1st ed. 
260 |a Sebastopol, Calif. :  |b O'Reilly Media, Inc.,  |c c2009. 
300 |a 1 v. (unpaged) :  |b ill. 
630 0 0 |a Git (Computer file) 
650 0 |a Software engineering. 
650 0 |a Open source software. 
988 |a 20090624 
906 |0 OCLC